[Event "Baku FIDE GP"]
[Site "Baku"]
[Date "2008.05.03"]
[Round "11"]
[White "Wang, Yue"]
[Black "Svidler, Peter"]
[Result "1-0"]
[WhiteElo "2689"]
[BlackElo "2746"]
[Annotator "Krasenkow,M"]
[PlyCount "95"]
[EventDate "2008.04.21"]
[EventType "tourn"]
[EventRounds "13"]
[EventCountry "AZE"]
[EventCategory "19"]
[SourceTitle "CBM 124"]
[Source "ChessBase"]
[SourceDate "2008.05.28"]
[SourceVersion "1"]
[SourceVersionDate "2008.05.28"]
[SourceQuality "1"]

1. d4 Nf6 2. c4 g6 3. Nc3 d5 4. Bg5 Ne4 5. Bh4 Nxc3 6. bxc3 dxc4 7. Qa4+ Qd7 8.
Qxc4 b6 9. Bg3 Nc6 10. Nf3 Bg7 11. e3 O-O 12. Be2 Bb7 13. O-O Na5 14. Qb4 Rac8
15. Ne5 {Quite a harmless novelty but the other moves are hardly dangerous for
Black either:} (15. Qa3 c5 16. Ne5 Bxe5 17. Bxe5 cxd4 18. cxd4 Nc4 19. Bxc4
Rxc4 20. f3 Rfc8 21. Qxa7 b5 22. Qa5 f6 23. Bg3 b4 24. Qb6 Ra8 25. a4 Ra6 26.
Qb5 Qxb5 27. axb5 Rxa1 28. Rxa1 b3 29. Rb1 Rb4 30. Rb2 f5 {1/2-1/2 Plachetka,
J-Brinck Claussen,B/Copenhagen 1980/EXT 2000}) (15. Rfd1 Qe6 (15... c5 16. Qa3
cxd4 17. cxd4 Bd5 18. Ba6 Bb7 19. Bd3 Bd5 {1/2-1/2 Radovici,C-Vidoniak,R/
Romania 1992/EXT 1997}) 16. Bf1 c5 17. Qa3 cxd4 18. cxd4 Bd5 19. Ne1 Bc4 20.
Nd3 Rfd8 21. h3 Bf6 22. Rdc1 Qd7 23. Rc3 Be6 $11 {0-1 Peregudov,N-Svidler,P/St
Petersburg 1994/EXT 1998 (36)}) (15. Rad1 Qe6 16. Qa4 c5 17. Rfe1 cxd4 18. cxd4
Rfd8 19. Bb5 Bc6 20. Bxc6 Qxc6 21. Qa3 e6 $11 22. Ne5 $6 Bxe5 23. dxe5 Rxd1 24.
Rxd1 Qc2 25. Rf1 Rc5 $17 {0-1 Delemarre,J-Golod,V/Antwerp 1999/EXT 2000 (70)})
15... Qd6 $6 {Not the best reaction.} (15... Bxe5 $142 16. dxe5 (16. Bxe5 Nc6
17. Bb5 Qe6) 16... Qd2 17. Rfe1 c5 18. Qh4 Rfe8 $11) 16. Rfd1 Rfd8 17. Qa4 c5
$5 18. e4 $1 (18. Nxf7 $4 Qd5) (18. Nc4 $6 Qd5 19. Bf3 Bc6 $1 20. Qxa5 Qxf3 21.
gxf3 bxa5 $11) 18... Bxe5 {Finally Black must exchange this bishop in a much
inferior situation than 3 moves earlier.} 19. Bxe5 Qc6 $6 (19... Qe6 $142 20.
f3 $14) 20. Qxc6 Nxc6 (20... Bxc6 21. d5 $16 {but the text move leads to a
material loss.}) 21. Bg4 $1 Ra8 (21... e6 22. Bf6 {[%cal Yd4d5]}) (21... f5 22.
exf5 h5 23. Bf3 gxf5 24. Bxh5 $16) 22. Bc7 cxd4 {There is nothing better but
now White brings home his material advantage.} (22... Bc8 23. Bxd8 Bxg4 24. f3
Rxd8 25. fxg4 cxd4 26. cxd4 Nxd4 27. e5 $1 $18 {[%cal Yg1f2,Ya1c1]}) 23. Bxd8
Rxd8 24. Be2 e5 25. Rac1 Kf8 26. f3 a6 27. Kf2 Ke7 28. Bc4 Rd7 29. Bd5 dxc3 30.
Bxc6 Rxd1 31. Rxd1 Bxc6 32. Rc1 Bd7 33. Rxc3 Kd6 34. Rd3+ Kc6 35. g4 Be6 36. a3
g5 37. Ke3 Kc7 38. Rd1 b5 39. h4 h6 40. Rh1 Kd6 41. hxg5 hxg5 42. Rh5 f6 43.
Rh6 Ke7 44. Rh7+ Bf7 45. Rh8 a5 46. Ra8 a4 47. Ra7+ Ke8 48. Rc7 {[%cal Ye3d3,
Yd3c3,Yc3b4]} (48. Rc7 Bc4 49. Rxc4 bxc4 50. Kd2 $18) 1-0

[Event "Bazna Kings 3rd"]
[Site "Bazna"]
[Date "2009.06.21"]
[Round "7"]
[White "Ivanchuk, Vassily"]
[Black "Shirov, Alexei"]
[Result "1-0"]
[WhiteElo "2746"]
[BlackElo "2745"]
[Annotator "Krasenkow,M"]
[PlyCount "167"]
[EventDate "2009.06.14"]
[EventType "tourn"]
[EventRounds "10"]
[EventCountry "ROU"]
[EventCategory "20"]
[SourceTitle "CBM 131"]
[Source "ChessBase"]
[SourceDate "2009.07.15"]
[SourceVersion "1"]
[SourceVersionDate "2009.07.15"]
[SourceQuality "1"]

1. d4 Nf6 2. c4 g6 3. Nc3 d5 4. Bg5 Ne4 5. Bh4 c5 6. cxd5 Nxc3 7. bxc3 Qxd5 8.
e3 Bg7 9. Nf3 Nc6 10. Be2 cxd4 11. cxd4 O-O 12. O-O b6 {An old-fashioned
system of development. The present game shows once again that it doesn't solve
all Black's problems.} 13. Rc1 (13. Qb3 $5 {is another annoying move as it is
unfavourable for Black to exchange the queens on b3, opening the a-file for
the white rook. See Sargissian-Areshchenko in CBM 110.}) 13... Bb7 14. Qa4 e6 (
{To} 14... a6 15. Qb3 {gains in strength:} Qxb3 16. axb3 Rfc8 17. Nd2 {[%cal
Rd2c4]} b5 18. Bf3 Bf8 19. Bg3 {[%cal Yd2e4,Ye4c5,Rd4d5]} a5 $6 20. Be2 $6 (20.
Rc5 $1 $18) 20... a4 21. Bxb5 a3 $132 {1/2 Lambert,G (2420)-Cummings,D/
Brighton 1977/EXT 1999 (28)}) (14... Rfc8 15. Bc4 Qh5 (15... Qa5 16. Qb3 {
[%csl Rf7]}) 16. Ba6 Bxa6 17. Qxa6 Qd5 18. Rc4 $2 (18. Rc3 $1 $16) 18... Rc7
19. e4 $2 (19. Rfc1 Nb4 $1) 19... Qxe4 20. Qb5 Nxd4 21. Rxd4 Bxd4 22. Re1 Rc5
$1 {0-1 Bilek,M-Doncevic,D/Porz 1982/EXT 2006/[Bulletin]}) (14... Rac8 {
is probably the critical line preventing Rc1-c3:} 15. Rfd1 (15. Bb5 e5 $1 16.
Bxc6 Bxc6 17. Qxa7 g5 (17... exd4 $5 18. exd4 Qf5 19. Rc3 Bd5 $44) 18. Bg3 (18.
Bxg5 e4 19. Ne5 Bb5 {[%cal Rf7f6]}) 18... g4 19. Rxc6 Qxc6 20. Nxe5 Bxe5 21.
Bxe5 f6 22. Bf4 Ra8 $11 {1/2 Mikhalchishin,A (2435)-Vaganian,R (2545)/Rome
1977/EXT 1999 (62)}) (15. Bc4 Qa5 16. Qb3 Qh5 {[%cal Rc6a5]}) 15... e6 16. Ba6
{A harmless exchange as Black controls the c-file} (16. Rc2 $5 Nxd4 $140 $4 17.
Rxc8 Nxe2+ 18. Kf1 $18) 16... Na5 17. Bxb7 Qxb7 18. h3 Rxc1 19. Rxc1 Rc8 20.
Rxc8+ Qxc8 21. Ne5 f6 22. Nd3 Qc6 23. Qxc6 Nxc6 24. Kf1 Kf7 25. Ke2 Bf8 26. Bg3
Ba3 {1/2 Poutiainen,P-Schmidt,W/Yerevan 1976/EXT 1999}) 15. Rc3 $1 $146 {
[%mdl 8] The most appropriate place for the rook leaving the a4-d1 diagonal
free for the queen.} (15. Rc2 a6 16. Rfc1 Rfc8 17. Nd2 b5 18. Qb3 Qxb3 19. axb3
Nb4 20. Rxc8+ Rxc8 21. Rxc8+ Bxc8 22. Ne4 e5 23. Nf6+ Bxf6 24. Bxf6 exd4 25.
Bxd4 Nc6 26. Bc5 Kg7 27. Kf1 Kf6 28. Ke1 Ke5 $11 {1/2 Hoi,C (2410)-Roos,D 
(2380)/Berlin West 1980/MCD (47)}) ({The other plans also require accurate
play from Black:} 15. Rfd1 Rfc8 16. Bc4 Qa5 17. Qb3 Qh5 18. Bxe6 {1-0 Seul,G 
(2255)-Beutel,J/Wittlich 1985/GER (26)} fxe6 19. Qxe6+ Kh8 20. Qf7 Na5 21. Bf6
Bxf6 22. Qxf6+ Kg8 $11) (15. Ba6 Na5 16. Bxb7 Qxb7 17. Rc2 Qe4 $6 (17... Rfc8
$142 18. Rfc1 Bf8 19. Ne5 Rxc2 20. Qxc2 $140 Ba3 $1) 18. Rfc1 e5 19. Rc7 exd4
20. exd4 $16 {1-0 Boensch,U (2510)-Zahariev,Z (2405)/Wattens 1990/EXT 2006 (24)
}) 15... Rfc8 16. Rfc1 a6 17. Ne1 $1 {[%cal Re2f3]} b5 18. Qc2 Nxd4 {What
else? Moves like} (18... Na7 {are too ugly, e.g.} 19. Bf3 Qd7 20. Bxb7 Qxb7 21.
Rc7 Rxc7 22. Qxc7 Qxc7 23. Rxc7 $16) 19. exd4 Bxd4 20. Bf3 $1 (20. Rxc8+ Rxc8
21. Qd1 ({or} 21. Qxc8+ Bxc8 22. Rxc8+ Kg7) 21... Rxc1 22. Qxc1 Qxa2 {is
satisfactory for Black.}) 20... Rxc3 21. Qxc3 (21. Bxd5 $143 Rxc2 22. Nxc2 Bxd5
23. Nxd4 Bxa2 24. Bf6 Bd5 {- surprisingly, the white knight is better placed
on e1 than d4!}) 21... Bxc3 22. Bxd5 Bxd5 23. Rxc3 Bxa2 24. Bf6 $1 $16 {
[%csl Rg8] So Black has got 3 pawns (including two connected passers) for the
piece but his prospects are still gloomy due to the awful position of his king.
After the white knight enters the game, this will become visible.} b4 (24... a5
25. Nd3 a4 26. Ne5 a3 27. Rc7 Bd5 28. Nxf7 a2 29. Ba1 $16) 25. Rc7 b3 (25...
Bd5 26. Nc2 $1 a5 27. Ne3 b3 (27... h5 28. Nxd5 exd5 29. Rb7) 28. Ng4 e5 29.
Bxe5 $16) 26. Nd3 a5 {27.Ne5 has been prevented (due to 27...b2) but...} 27.
Nc5 $1 g5 {The only way for Black to free his king.} (27... a4 $2 28. Nxa4) 28.
Rb7 {White immediately captures one of Black's passed pawns but the other one
now moves forward.} (28. Kf1 $5 {was safer:} h6 29. Na4 $16 {then moving the
king to the queenside.}) 28... h6 29. Nxb3 a4 30. Nc5 Bd5 31. Rd7 $6 {Wrong!
But it was not easy to find the best solution under time pressure:} (31. Rc7 $1
a3 32. Nd7 $1 a2 33. Ba1 $16 {continuing the attack on Black's king while
stopping his a2-pawn.}) 31... a3 32. Rd8+ {White has nothing better but the
resulting endgame is clearly drawn.} Rxd8 33. Bxd8 {[%mdl 4096]} Kg7 34. Ba5
Kg6 35. Bc3 f6 36. f3 h5 37. Kf2 e5 38. g3 Kf5 39. Nd7 Bc6 40. Nc5 g4 41. fxg4+
Kxg4 42. h4 a2 43. Bb2 Bd5 44. Nd3 Kf5 45. Ba1 Bc4 {I think every viewer was
waiting for the handshake at this point but...} 46. Nc5 Bd5 47. Bb2 Kg4 48. Na4
Bb3 49. Nc5 Bd5 50. Nd7 Kf5 51. Ke3 Bc6 52. Nb6 Kg4 53. Kf2 Kf5 54. Nc4 Ke4 55.
Ne3 Bd7 56. Nd1 Be6 57. Nc3+ Kd3 $6 {Psychology! It is not easy for a human to
wait passively when such an "attractive" move forward is available.} 58. Ba1
Bc4 $6 {Black was in a kind of zugzwang and had to abandon the g4-square but
allowing h4-h5 was absolutely unnecessary.} (58... Bf7 59. g4 (59. Nb5 Kc2)
59... hxg4 60. Kg3 f5 {and White must force a draw by} 61. Nxa2 Bxa2 62. Bxe5)
59. g4 $5 hxg4 60. h5 {Black must now solve real problems!} e4 61. h6 e3+ 62.
Ke1 Bg8 63. Nxa2 {The main enemy has fallen.} f5 64. Be5 Ke4 65. Bc7 f4 {
Still, Black's pawn avalanche should secure him a draw.} 66. Nc3+ Kf5 (66...
Kd3 $142 67. Nd5 f3 68. Bg3 (68. Nf6 $4 f2+ 69. Kf1 Bc4) 68... f2+ 69. Kf1 Bxd5
70. h7 Bg2+ 71. Kxg2 Ke2 $11) 67. Nd5 Bh7 68. Ke2 g3 69. Kf3 e2 70. Kxe2 g2 71.
Kf2 f3 72. Bb6 Ke6 73. Nc3 Kf7 74. Be3 Kg6 75. Nd5 Kf7 76. Kxf3 Bb1 77. Nc3 Bc2
78. Kxg2 Kg6 79. Kg3 Kh5 80. Nd5 Kg6 81. Kh4 Bb1 82. Bg5 Bc2 83. Nf6 Bf5 84. h7
(84. h7 Kg7 85. Bh6+ Kh8 86. Bf8 {[%cal Yf8g7,Yh4g5,Yg5h6]}) 1-0

[Event "Samba Cup 2nd"]
[Site "Skanderborg"]
[Date "2005.10.16"]
[Round "3"]
[White "Hansen, Lars Bo"]
[Black "Hansen, Curt"]
[Result "1/2-1/2"]
[WhiteElo "2565"]
[BlackElo "2607"]
[Annotator "Krasenkow,M"]
[PlyCount "165"]
[EventDate "2005.10.14"]
[EventType "tourn"]
[EventRounds "9"]
[EventCountry "DEN"]
[EventCategory "16"]
[SourceTitle "CBM 110"]
[Source "ChessBase"]
[SourceDate "2006.01.31"]
[SourceVersion "1"]
[SourceVersionDate "2006.01.31"]
[SourceQuality "1"]

1. d4 Nf6 2. c4 g6 3. Nc3 d5 4. Bg5 Bg7 5. Nf3 Ne4 6. cxd5 Nxg5 7. Nxg5 e6 8.
Qd2 exd5 9. Qe3+ Kf8 10. Qf4 Bf6 11. h4 h6 12. Nxd5 $6 {A risky move, instead
of the normal} (12. Nf3) 12... Bxg5 13. Qe5 Rh7 14. hxg5 Nc6 15. Qe4 Bf5 16.
Qf3 Qxg5 {A fresh idea. The main theoretical move is} (16... Nxd4 {See e.g.
CBM 96, game Delemarre-Ernst.}) 17. Qa3+ Kg8 $1 $146 {[%mdl 8] The king is
better placed here than on g7; the h7 rook will enter the game later on (e.g.
via the 7th rank).} (17... Kg7 18. Ne3 (18. e3 Rd8 19. Nxc7 a5 $5 {[%cal Ca3c3,
Cd4d5,Cd5c6,Yc6b4]} (19... Rd7 $5 {-see 17...Kg8}) 20. Qc5 Rc8 21. d5 $6 (21.
Qd6 $13 Nb4 $140 22. Rc1) 21... Rxc7 22. dxc6 Rxc6 23. Qd4+ Qf6 $15 {1/2-1/2
Ward,C-McShane,L/Copenhagen 2003/CBM 095 ext (64)}) 18... Nxd4 {leads to the
main theoretical position arising after 16...Nd4}) 18. Qc3 (18. e3 Rd8 19. Nxc7
(19. Nc3 Rxd4 $1) 19... Rd7 $1 20. Nb5 a6 21. Nd6 Nxd4 $1 22. exd4 Re7+ $40) (
18. Ne3 Nxd4 {makes no sense as the d4 knight can't be pinned now.}) 18... a5 (
18... Rd8 $4 19. f4 $18) (18... Qd8 $6 19. Ne3) (18... Be4 $5 19. Nb4 Nxb4 20.
Qxb4 Rc8 {[%cal Rc7c5]}) 19. f4 $2 {Unnecessarily creating a hole on e4. It
was better to play at once} (19. Ne3 Be4 {still - to provoke weakening f2-f3}
20. Rh3 $5 $13) 19... Qd8 20. Ne3 Be4 21. d5 Nb4 22. Qd4 f5 {The h7 rook is
ready to come out very soon.} 23. Rd1 Ra6 $1 24. a3 Nxd5 $1 25. Nxd5 Rd6 26. e3
Bxd5 $17 {Black has just won a pawn; however, he fails to win the game.} 27.
Bc4 Bf7 28. Bxf7+ Rxf7 29. Qa4 Rxd1+ 30. Qxd1 Qxd1+ 31. Kxd1 {[%mdl 4096]} Kg7
32. Ke2 Rd7 33. Rc1 c6 34. a4 Rd5 35. Rc4 Kf6 36. b4 g5 $6 {It was probably
too early to open up the kingside.} (36... Ke6 $5 37. e4 fxe4 38. Rxe4+ Kd6) (
36... axb4 $5 37. Rxb4 b5) 37. fxg5+ hxg5 38. Kf3 (38. bxa5 $5 Rxa5 39. Rb4)
38... Ke5 $6 (38... axb4 $1 39. Rxb4 b5 {keeping the rook active.}) 39. bxa5
Rxa5 40. Rb4 Ra7 41. Rc4 Ra5 42. Rb4 b5 $6 (42... c5 $5 43. Rxb7 Rxa4) 43. axb5
Rxb5 (43... cxb5 44. g4) (43... g4+ 44. Kg3 Rxb5 (44... cxb5 45. Kh4 Kf6 46. e4
$1) 45. Rc4 c5 46. Kh4 Kd5 47. Rf4 c4 48. Rxf5+ Kc6 49. Rf6+ Kc5 50. Kxg4 c3
51. Rf1 $11) 44. Rc4 c5 $6 {After this I don't see a win for Black but even if
he kept his rook active:} (44... Kd6 $1 {White would have good drawing chances,
e.g.} 45. g4 fxg4+ 46. Rxg4 $1 (46. Kxg4 $143 Re5 $1 47. e4 c5 (47... Rc5 48.
Rxc5 Kxc5 49. Kxg5 $11) 48. Kf3 Re8 $1 (48... Kc6 49. Rc1 Kb5 50. Ke3 Re8 51.
Rb1+ Kc4 52. Rc1+ Kb4 53. Rb1+ Ka3 54. Kd3 $1 $11) 49. Kg4 (49. Rc1 Rf8+) 49...
Kc6 $1 50. Kf5 (50. Kxg5 Kb5) 50... g4 51. Rc3 Rg8 52. Kf4 (52. Rg3 c4 53. e5
Kd5 54. Kf4 Rg7 $1 55. Kf5 Rf7+ 56. Kg6 Rf3 57. Rxg4 c3 $19) 52... Kb5 53. e5
c4 54. Rg3 (54. e6 Kb4 55. Rc1 c3 $19) 54... Kc6 $1 55. Ke4 Kc5 56. e6 Kd6 57.
Kf5 Ke7 58. Ke5 Rg5+ 59. Kf4 Rg6 $19) 46... Re5 47. e4 c5 (47... Kc5 48. Ke3
Kc4 49. Rg1) 48. Ke3 Ke6 49. Rg1 Kf6 50. Rf1+ Kg6 51. Rf8 {and Black can't
improve his rook's position by ...Re5-e8-c8, like in the 46.Kg4 line. Of
course, this endgame requires a more detailed analysis.}) 45. g4 $1 Kd5 (45...
fxg4+ 46. Rxg4) 46. Rc1 f4 (46... fxg4+ 47. Kxg4 c4 (47... Rb8 48. e4+ Kd4 49.
Kxg5 Rc8 (49... c4 50. e5 $1) (49... Re8 50. Rd1+ Ke3 51. Rc1 $11) 50. Kf5 c4
51. e5 $1 $11) 48. Kxg5 Ke4+ 49. Kf6 Rc5 50. Rc3 Rc6+ 51. Kg5 $11) 47. Rd1+ Ke6
48. exf4 Rb3+ 49. Kf2 gxf4 50. Re1+ Kd5 51. Rd1+ Ke4 (51... Kc4 52. Rc1+ Kb4
53. g5 $1 Rg3 54. Rg1 $11) 52. Re1+ Kd5 (52... Re3 53. Rc1 (53. Rxe3+ $4 fxe3+
54. Ke2 c4 55. g5 c3 $19) 53... Kd4 54. Rd1+ Kc4 55. Rc1+ Kd5 56. Rd1+ {
doesn't change much}) 53. Rd1+ Ke5 (53... Kc6 54. Rg1) 54. Re1+ Kf6 55. Re4 (
55. Rc1 Rb5 56. Kf3 Kg5 57. Rc3 $11 {was more straightforward.}) 55... Kg5 (
55... Rb4 56. Re8 Rd4 57. Kf3 c4 58. Rf8+ Ke5 59. Rf5+ Kd6 60. Rxf4 $11) 56.
Re5+ Kxg4 57. Rxc5 Rb2+ 58. Kg1 Kg3 59. Rg5+ Kf3 60. Ra5 (60. Rf5 {is a simple
theoretical defense but White finds another way.}) 60... Rb1+ 61. Kh2 Re1 62.
Ra8 Rd1 63. Ra7 Ke2 64. Re7+ Kf2 65. Ra7 Rd2 66. Ra1 f3 67. Kh3 Rb2 68. Kh2 Re2
69. Kh3 Rd2 70. Kh2 Ke3+ 71. Kg1 $6 {This is still enough (it would lose
against the e-pawn) but why not} (71. Kg3 $11 {?}) 71... Ke2 72. Rb1 Rc2 73.
Ra1 Rb2 74. Rc1 Rb3 75. Rc2+ Ke3 76. Rc1 Rb2 77. Rc3+ Ke2 78. Rc1 Rb8 79. Rc2+
Ke1 80. Rc1+ Ke2 81. Rc2+ Ke3 82. Rc3+ Kf4 83. Rc7 1/2-1/2

[Event "EU-ch 6th"]
[Site "Warsaw"]
[Date "2005.06.30"]
[Round "12"]
[White "Gaprindashvili, Valerian"]
[Black "Lupulescu, Constantin"]
[Result "0-1"]
[WhiteElo "2415"]
[BlackElo "2546"]
[Annotator "Krasenkow,M"]
[PlyCount "106"]
[EventDate "2005.06.18"]
[EventType "swiss"]
[EventRounds "13"]
[EventCountry "POL"]
[SourceTitle "CBM 108"]
[Source "ChessBase"]
[SourceDate "2005.09.26"]
[SourceVersion "1"]
[SourceVersionDate "2005.09.26"]
[SourceQuality "1"]

1. d4 Nf6 2. c4 g6 3. Nc3 d5 4. Bg5 Ne4 5. Bh4 Nxc3 6. bxc3 c5 7. cxd5 Qxd5 8.
e3 Bg7 9. Nf3 cxd4 10. cxd4 Nc6 11. Be2 e5 12. dxe5 Qa5+ 13. Qd2 Qxd2+ 14. Kxd2
Nxe5 15. Rab1 Nc6 {About this line - see CBM102, annotations to
Lputian-Svidler.} 16. Rhc1 O-O 17. Ke1 $1 {[%mdl 8] An interesting new plan.} (
17. Bc4 h6 18. Ke2 Bf5 $5 (18... g5 19. Bg3 Rd8 20. h3 Kf8 21. e4 Re8 22. Bd5
Be6 23. Kf1 $14 {1-0 Gagarin,V-Janakiev,I/Prague 1990/EXT 97 (27)}) 19. Rxb7
Na5 20. Rc7 (20. Rxf7 $5) 20... Nxc4 21. R1xc4 Rfb8 $44 {0-1 Lputian,S-Svidler,
P/Moscow 2004/CBM 102/[Ftacnik] (41)}) 17... h6 18. Nd2 {[%cal Cg7e5,Ce5h2,
Yd2e4,Yd2c4,Ye4d6,Yc4d6]} Ne5 19. f4 (19. Rc7 $5 $16) 19... Ng4 $5 {A
desperate sacrifice in order to activate pieces.} 20. Rxc8 (20. Bxg4 Bxg4 21.
Rxb7 Rfb8 $44) 20... Rfxc8 21. Bxg4 Rc2 {It is not easy for White to keep his
material advantage.} 22. Rxb7 $4 {A terrible blunder.} (22. Bd1 Rxa2 23. Bb3
Ra1 24. Rxa1 Bxa1 $13) (22. Kd1 $142 $1 Rxa2 23. Rxb7 {with good winning
chances, e.g.} a5 24. Bf3 {[%cal Cg7c3,Ca2d2,Rf3d5]} g5 25. Rd7 $1 Rb8 26. fxg5
) 22... Bc3 23. Rd7 {[%tqu "En","What did White overlook?","","","g6g5","This
tactical trick brings Black a material advantage.",10]} g5 $1 {This tactical
trick brings Black a material advantage.} 24. fxg5 (24. Kd1 Rxd2+ 25. Rxd2 Bxd2
26. Kxd2 (26. Bxg5 Bxe3 27. Bxh6 Rd8+ 28. Ke2 Bc1 $19) 26... gxh4 {must be
winning for Black in a long term}) 24... Rxd2 25. Rxd2 Rd8 26. Kf1 Rxd2 27. Be1
Rc2 28. Bd1 (28. Bxc3 Rxc3 29. Bd1 hxg5 30. Ke2 Kg7 $17) 28... Rc1 29. Bxc3
Rxd1+ 30. Ke2 Rg1 31. Kf3 hxg5 {and Black gradually won:} 32. g3 Kh7 33. h4
gxh4 34. gxh4 Kg6 35. Bd4 a6 36. e4 Rd1 37. Bc5 Kh5 38. Be7 Rd7 39. Bc5 Kxh4
40. Kf4 Rd1 41. a3 Kh5 42. Kf5 Rf1+ 43. Ke5 Kg4 44. Kd5 Re1 45. Bd6 Re2 46. Bc7
Rc2 47. Bd6 Kf3 48. e5 Kg4 49. Bb4 Kf5 50. a4 Re2 51. Bc3 Re3 52. Bb2 Rb3 53.
Bd4 Ra3 0-1

[Event "EU-chT (Men) 15th"]
[Site "Gothenburg"]
[Date "2005.08.06"]
[Round "8.2"]
[White "Pantsulaia, Levan"]
[Black "Sutovsky, Emil"]
[Result "1-0"]
[WhiteElo "2510"]
[BlackElo "2674"]
[Annotator "Krasenkow,M"]
[PlyCount "93"]
[EventDate "2005.07.30"]
[EventType "team-swiss"]
[EventRounds "9"]
[EventCountry "SWE"]
[SourceTitle "CBM 109"]
[Source "ChessBase"]
[SourceDate "2005.11.14"]
[SourceVersion "1"]
[SourceVersionDate "2005.11.14"]
[SourceQuality "1"]
[WhiteTeam "Georgia"]
[BlackTeam "Israel"]
[WhiteTeamCountry "GEO"]
[BlackTeamCountry "ISR"]

1. d4 Nf6 2. c4 g6 3. Nc3 d5 4. Bg5 Ne4 5. Bh4 Nxc3 6. bxc3 dxc4 7. e3 Be6 8.
Nf3 Bg7 9. Qb1 Qd5 $6 {GM Emil Sutovsky likes opening experiments in his
favorite Gruenfeld.} (9... b6 {is the normal theoretical move.}) 10. Be2 {
The only known game played with 9...Qd5, continued} (10. Nd2 O-O (10... c5 $5)
11. Be2 (11. Bxe7 $5) 11... Qd7 12. O-O c5 13. Bxc4 Bxc4 14. Nxc4 Nc6 15. Qb5
Rfc8 16. Rab1 Qg4 $6 17. Bg3 Qe2 $6 18. d5 $16 {1-0 Engqvist,T-Eriksson,M/
Lindesberg 1993/EXT 98 (60)}) 10... Bf5 (10... O-O $6 11. e4 $16) 11. Qb4 c5
12. Qxc4 Qxc4 13. Bxc4 {White has recaptured the pawn keeping typical pressure
along the h4-d8 diagonal. It is quite difficult for Black to castle. That was
actually the initial idea of GM Mark Taimanow, who developed the 4.Bg5 system
at the end of the 60s.} Nc6 14. O-O Rc8 15. Rac1 Na5 (15... h6 $5 {[%cal Cd4c5,
Yg6g5]}) 16. Bb5+ Bd7 17. Be2 {[%cal Yd4d5]} Be6 18. Nd2 {White doesn't want a
draw!} b6 {I don't like this move allowing Be2-a6.} (18... h6 $5) 19. Bb5+ Kf8
{It is quite risky to leave the h8 rook out of play but Black hopes for ...
Bg7-f6.} (19... Bd7 20. Ba6 Rd8 21. d5 $36) 20. Ba6 Rd8 21. Rc2 Bf6 22. Bg3 (
22. Bxf6 $5 exf6 23. Rb2) 22... Kg7 $6 {A blunder or miscalculation.} (22...
Nc6 23. Bb5 Rc8 24. dxc5 bxc5 25. Bc4 $5 $14) 23. dxc5 Bxc3 {Complications
after this move are favorable for White.} (23... bxc5 $2 24. Bc7 {; otherwise
White keeps a healthy (thanks to his strong g3 bishop) extra pawn.}) 24. Ne4
Bb4 25. Bc7 Bf5 26. f3 bxc5 (26... Bxe4 27. fxe4 Rd2 $5 28. Rxd2 Bxd2 29. Kf2
$16) 27. a3 $1 Bxe4 28. fxe4 Bd2 29. Rxd2 Rxd2 30. Bxa5 {Russian IM Evgeny
Dragomarezkij is a great specialist on the pair of bishops - his degree work
at the Moscow Institute of Physical Culture was devoted to that subject.
Evgeny has a special sign for this kind of advantage, which he shows everybody
at appropriate moments during the game - it's a V-sign (two fingers = two
bishops). Levan Pantsulaja could now safely show the same sign to anybody -
his position is completely winning.} Rc2 31. Bd3 Ra2 32. Bc4 Rxa3 33. Rxf7+ Kh6
34. Bc7 Ra4 35. Be6 (35. Be5 $5 Rd8 36. Bd5 $18 {[%csl Gd5,Ge5]}) 35... Rxe4
36. Bf4+ g5 37. Bf5 gxf4 (37... Ra4 38. Be5 $18) 38. Bxe4 fxe3 39. Kf1 c4 40.
Rxe7 Rc8 41. Rxh7+ Kg5 42. Rxa7 c3 43. Ra2 Rc4 44. Bd3 Rh4 45. g3 Rh8 46. Rc2
Rf8+ 47. Ke2 1-0